00669nam a22001817a 450000500170000001000150001702000100003203500130004203700130005508200140006824500580008226000420014027001010018230000220028394200280030599900170033395201370035020100821144348.0 aENG-101244 c80.00 aEN-84777 bDBAD/PUB a347.00954 aThe supreme court rules, 1966 :bas amended in 2008 / aDelhibUniversal Law Publishingc2010 aC-FF-1A, Dilkush Industrial Estate, (Near Azadpur Metro Station) G.T. Karnal RoadbDelhie110033 a132p.c24cm (pbk) 2ddccENh347.00954mSUP c42912d42912 001040718NFICaDBADbDBADd2010-08-21eDBAD/PUBg80.00l0o347.00954 SUPpEN-84777r2010-08-21 00:00:00t1v80.00w2010-08-21yEN